00653cam a2200205Ia 450000100090000000300060000900500170001500800410003202000150007304000300008805000110011808200110012910000220014024500890016225000200025126000730027130000270034450400560037165000200042746997927OCoLC20210208111646.0010523t20011998enk b 000 0 eng d a185078356X aVRDcVRDdBANdOCLCQdATH bSI614H bSI614H1 aSimson, Wolfgang.10aHouses that change the world :bthe return of the house churches /cWolfgang Simson. a1st English ed. aCarlisle, Cumbria, U.K. ;aWaynesboro, Ga. :bOM Pub.,c2001, c1998. axxxv, 303 p. ;c20 cm. aIncludes bibliographical references (p. [300]-301). 0aHouse churches.